000 00785cam a2200229 a 4500
001 000001736
005 20200929145700.0
008 950724s1995 inua 001 0 eng
020 _a1562054988
040 _aDO-SdBNP
_cDLC
_dDLC
082 _a005.13
_bP473v
100 1 _aPesce, Mark
_95646
245 1 0 _aVRML browsing & building cyberspace /
_cMark Pesce ; Tim Berners-Lee.
246 3 _aVRML browsing and building cyberspace
260 _aIndianapolis, Ind. :
_bNew Riders Pub.,
_c1995.
300 _axxxiii, 424 p. :
_bil. ;
_c23 cm.
504 _aIncluye referencias bibliográficas (p. [389]-391) e índice.
650 4 _aRealidad virtual
_95647
650 4 _aVrml (lenguaje de programción para computadores)
_95648
910 _aCatalogación por copia / LC
910 _aWM
999 _c1614
_d1614